01479nam a2200265Ia 4500001000600000003000900006008004100015040001300056040001300069041001300082100002000095100002900115245005700144245005700201250001100258260001000269260001300279260004900292300005700341500072800398650001601126650003101142700001101173700002901184C5873IT-RoPAU130308s9999 xx 000 0 und d aIT-RoPAU cIT-RoPAU aFRANCESE aFuchs Catherine gCodice Aut. SPICS: 6393 aLinguistique et traitements automatiques des langues bLinguistique et Traitements Automatiques des Langues a1a ed. aPARIS bHachette c1993 [1° Ed.:1993 - Ed.Ling.Originale:1993] a"304 p. (prefazione: no ; testo: 304 [pagine: 0-0])" aLinguistica e Trattamenti Automatici delle Lingue. Fattori Sociali: industrie della Lingua. Fattori Economici, Politici, ideologici e Culturali. Applicazioni Alle ricerche Fondamentali. Teoria: Computer di Fronte Alla Lingua: Linguistica ed informatica Dialogo Difficile. Computer, Linguaggi di Programmazione e Lingue Naturali. Linguaggio, Conoscenza e Intelligenza Artificiale. livelli di Trattamento della Lingua. campi dei Trattamenti Automaticidelle Lingue. Traduzione Automatica: Note Storiche, Traduzione Automatica e Intelligenza Artificiale. Traduzione e Computer. sistemi Commercializzati. Differenti Architetture dei sistemi di Traduzione. Trattamenti Effettuaticon moduli Differenti. contributi di Altri Autori. aLINGUISTICA eCodice materia Spics: 3201 aAA.VV. gCodice Aut. SPICS: 12000